| 000 | 00646nam a22001697a 4500 | ||
|---|---|---|---|
| 999 |
_c18635 _d18635 |
||
| 008 | 231219b ||||| |||| 00| 0 eng d | ||
| 020 | _a9789719820192 | ||
| 082 |
_22022 _aDFil 657 _bAd91 |
||
| 100 |
_aAduana, Nick L. _950529 |
||
| 245 |
_aFundamentals of accountancy, business, and management 2 : _b(a procedural approach) for senior high school / _cNick L. Aduana. |
||
| 250 | _aRevised edition. | ||
| 260 |
_aQuezon City : _bC&E publishing, Inc. _c©2022. |
||
| 300 |
_axi, 324 pages : _bcolor illustrations ; _c25.5 cm. |
||
| 500 | _aIncludes glossary, references, and index. | ||
| 650 |
_aAccounting _xTextbooks. _950557 |
||
| 942 |
_2ddc _cDFIL |
||